Komparace regulativních opatření lobbingu v Maďarsku a Polsku

Maďarsko a Poľsko sa zaradili medzi štáty, ktoré prijali zákon o lobingu. Spoločensko-politická situácia v týchto krajinách pred prijatím zákona.

Guardado en:
Detalles Bibliográficos
Autor principal: Tichá, Karolina
Formato: Capítulo de libro
Lenguaje:checo
Materias:
Etiquetas: Agregar Etiqueta
Sin Etiquetas, Sea el primero en etiquetar este registro!

MARC

LEADER 00000naa a2200000 4500
001 0203946
005 20231207100420.0
041 0 |a cze 
044 |a SK 
245 1 0 |a Komparace regulativních opatření lobbingu v Maďarsku a Polsku  |c Karolina Tichá 
520 |a Maďarsko a Poľsko sa zaradili medzi štáty, ktoré prijali zákon o lobingu. Spoločensko-politická situácia v týchto krajinách pred prijatím zákona. 
610 2 0 |a Maďarsko 
610 2 0 |a Poľsko 
610 2 0 |a lobizmus 
610 2 0 |a zákony 
100 1 |a Tichá, Karolina